000 00585nam a2200181Ia 4500
003 GCL
008 140319s9999 xx 000 0 ara d
040 _aGCL /
_cGCL
082 0 4 _a658.15932
_bز م
100 1 _aزهير حنفى على
245 1 0 _aالمستحدث فى الادارة العليا للمستشفيات /
_cزهير حنفى على
260 _aالقاهرة :
_bمكتبة الانجلوالمصرية ،
_c1988
300 _a223 ص
490 _a
650 0 4 _aالادارة العليا
650 0 4 _aالمستشفيات - ادارة
942 _2ddc
_cBK
999 _c34885
_d34885